000 00848cam a2200277Ia 4500
008
020 _a9780080969053 (pbk.)
049 _aMAIN
090 _aTL671.6
_bMEG
100 1 _aMegson, T. H. G.
245 1 0 _aAircraft structures for engineering students /
_cT.H.G. Megson.
250 _a5th ed.
260 _aOxford :
_bElsevier Ltd ;
_c2013
300 _axv, 859 p. :
_bill. ;
_c24 cm.
440 _aElsevier aerospace engineering series.
500 _aIncludes Index.
504 _aIncludes bibliographical references.
650 0 _aAirframes.
650 0 _aStructural analysis (Engineering).
830 0 _aElsevier aerospace engineering series.
907 _a.b10389398
_b23-02-18
_c20-02-18
003
005 20230123141105.0
040 _cNUST
942 _cBOOKS
_kTL671.6
_mMEG
999 _c167487
_d167487